<?xml version="1.0" encoding="UTF-8"?><?xml-stylesheet type="text/xsl" href="static/style.xsl"?><OAI-PMH xmlns="http://www.openarchives.org/OAI/2.0/" xmlns:xsi="http://www.w3.org/2001/XMLSchema-instance" xsi:schemaLocation="http://www.openarchives.org/OAI/2.0/ http://www.openarchives.org/OAI/2.0/OAI-PMH.xsd"><responseDate>2026-04-18T01:22:39Z</responseDate><request verb="GetRecord" identifier="oai:www.recercat.cat:2072/468888" metadataPrefix="marc">https://recercat.cat/oai/request</request><GetRecord><record><header><identifier>oai:recercat.cat:2072/468888</identifier><datestamp>2024-11-04T05:57:53Z</datestamp><setSpec>com_2072_98</setSpec><setSpec>col_2072_378192</setSpec></header><metadata><record xmlns="http://www.loc.gov/MARC21/slim" xmlns:dcterms="http://purl.org/dc/terms/" xmlns:xsi="http://www.w3.org/2001/XMLSchema-instance" xmlns:doc="http://www.lyncode.com/xoai" xsi:schemaLocation="http://www.loc.gov/MARC21/slim http://www.loc.gov/standards/marcxml/schema/MARC21slim.xsd">
   <leader>00925njm 22002777a 4500</leader>
   <datafield ind2=" " ind1=" " tag="042">
      <subfield code="a">dc</subfield>
   </datafield>
   <datafield ind2=" " ind1=" " tag="720">
      <subfield code="a">Lopez Garcia, Patricia</subfield>
      <subfield code="e">author</subfield>
   </datafield>
   <datafield ind2=" " ind1=" " tag="720">
      <subfield code="a">Panades Guerrero, Marta</subfield>
      <subfield code="e">author</subfield>
   </datafield>
   <datafield ind2=" " ind1=" " tag="720">
      <subfield code="a">Tapia Yepes, Eduard</subfield>
      <subfield code="e">author</subfield>
   </datafield>
   <datafield ind2=" " ind1=" " tag="720">
      <subfield code="a">Farre Perales, Matilde</subfield>
      <subfield code="e">author</subfield>
   </datafield>
   <datafield ind2=" " ind1=" " tag="260">
      <subfield code="c">2019</subfield>
   </datafield>
   <datafield ind2=" " ind1=" " tag="520">
      <subfield code="a">El turismo evoluciona constantemente, al igual que las tipologías y las distintas motivaciones de los turistas para viajar. El turista cultural es cada vez más exigente, quiere información y adquirir conocimientos. Una manera de hacerlo es a través de la contratación de una ruta turística guiada, pero… ¿en qué lengua? En este sentido, si existe la posibilidad de elección, a pesar de que el inglés sea la lengua internacional por excelencia, seguramente el turista optará por la suya propia, En un sector cada día más competitivo es imprescindible responder a las necesidades del cliente y una de ellas es la comunicación en su lengua materna de ahí el motivo de este estudio.</subfield>
   </datafield>
   <datafield ind2=" " ind1=" " tag="520">
      <subfield code="a">Debido a la importancia del mercado francés y alemán en España, observaremos el uso de dichas LE2 en las rutas turísticas culturales de dos ciudades emblemáticas, Barcelona y Sevilla, a partir de las diferentes plataformas que ofrecen visitas guiadas en estas ciudades en estas lenguas. Asimismo, se presentará el estado de la cuestión sobre el guiaje teniendo en cuenta el papel del conocimiento de las LE2 tanto en las legislaciones de las dos comunidades autónomas que regulan la habilitación necesaria para ejercer el guiaje, así como en los estudios universitarios de turismo.</subfield>
   </datafield>
   <datafield ind2=" " ind1=" " tag="520">
      <subfield code="a">A través de estos diferentes aspectos podremos analizar el guiaje de rutas turísticas en el mercado cultural, y, en especial, cómo está preparado para mostrar los recursos culturales barceloneses y sevillanos a los turistas franceses y alemanes en su lengua materna.</subfield>
   </datafield>
   <datafield ind1="8" ind2=" " tag="024">
      <subfield code="a">http://hdl.handle.net/2072/468888</subfield>
   </datafield>
   <datafield tag="653" ind2=" " ind1=" ">
      <subfield code="a">Turismo Cultural</subfield>
   </datafield>
   <datafield tag="653" ind2=" " ind1=" ">
      <subfield code="a">Guiaje</subfield>
   </datafield>
   <datafield tag="653" ind2=" " ind1=" ">
      <subfield code="a">Francés Lengua Extranjera</subfield>
   </datafield>
   <datafield tag="653" ind2=" " ind1=" ">
      <subfield code="a">Alemán Lengua Extranjera</subfield>
   </datafield>
   <datafield tag="653" ind2=" " ind1=" ">
      <subfield code="a">Legislación</subfield>
   </datafield>
   <datafield ind2="0" ind1="0" tag="245">
      <subfield code="a">La influencia de las segundas lenguas extranjeras en el guiaje de rutas turísticas culturales</subfield>
   </datafield>
</record></metadata></record></GetRecord></OAI-PMH>